<?xml version="1.0" encoding="UTF-8"?>
<record
    xmlns:xsi="http://www.w3.org/2001/XMLSchema-instance"
    xsi:schemaLocation="http://www.loc.gov/MARC21/slim http://www.loc.gov/standards/marcxml/schema/MARC21slim.xsd"
    xmlns="http://www.loc.gov/MARC21/slim">

  <leader>00484    a2200181   4500</leader>
  <datafield tag="952" ind1=" " ind2=" ">
    <subfield code="0">0</subfield>
    <subfield code="1">0</subfield>
    <subfield code="2">ddc</subfield>
    <subfield code="4">0</subfield>
    <subfield code="7">0</subfield>
    <subfield code="8">PSYCHOLOGY</subfield>
    <subfield code="a">MES</subfield>
    <subfield code="b">MES</subfield>
    <subfield code="c">PSYCHOLOGY</subfield>
    <subfield code="d">2021-06-22</subfield>
    <subfield code="e">37</subfield>
    <subfield code="g">556.00</subfield>
    <subfield code="l">22</subfield>
    <subfield code="m">29</subfield>
    <subfield code="o">612 CHA/H</subfield>
    <subfield code="p">41164</subfield>
    <subfield code="r">2025-06-02 12:36:07</subfield>
    <subfield code="s">2025-05-02</subfield>
    <subfield code="v">695.00</subfield>
    <subfield code="w">2021-06-22</subfield>
    <subfield code="y">BK</subfield>
    <subfield code="z">GL45R3</subfield>
  </datafield>
  <datafield tag="999" ind1=" " ind2=" ">
    <subfield code="c">41332</subfield>
    <subfield code="d">41332</subfield>
  </datafield>
  <controlfield tag="003">OSt</controlfield>
  <controlfield tag="005">20210623111600.0</controlfield>
  <controlfield tag="008">210623b           ||||| |||| 00| 0 eng d</controlfield>
  <datafield tag="020" ind1=" " ind2=" ">
    <subfield code="a">9789388902717</subfield>
  </datafield>
  <datafield tag="040" ind1=" " ind2=" ">
    <subfield code="c">oclc</subfield>
  </datafield>
  <datafield tag="082" ind1=" " ind2=" ">
    <subfield code="a">612</subfield>
    <subfield code="b">CHA/H</subfield>
  </datafield>
  <datafield tag="100" ind1=" " ind2=" ">
    <subfield code="9">8605</subfield>
    <subfield code="a">Chatterjee C C</subfield>
  </datafield>
  <datafield tag="245" ind1=" " ind2=" ">
    <subfield code="a">Human Physiology Vol 1</subfield>
  </datafield>
  <datafield tag="250" ind1=" " ind2=" ">
    <subfield code="a">13th ed.</subfield>
  </datafield>
  <datafield tag="260" ind1=" " ind2=" ">
    <subfield code="a">New Delhi:</subfield>
    <subfield code="b">CBS Publishers,</subfield>
    <subfield code="c">2020.</subfield>
  </datafield>
  <datafield tag="300" ind1=" " ind2=" ">
    <subfield code="a">588 pages</subfield>
  </datafield>
  <datafield tag="942" ind1=" " ind2=" ">
    <subfield code="2">ddc</subfield>
    <subfield code="c">BK</subfield>
    <subfield code="h">612</subfield>
    <subfield code="i">CHA/H</subfield>
    <subfield code="k">612</subfield>
    <subfield code="m">CHA/H</subfield>
  </datafield>
</record>
